Political institutions under dictatorship

Guardado en:
Detalles Bibliográficos
Autor principal: Gandhi, Jennifer
Formato: Libro
Lenguaje:inglés
Publicado: New York Cambridge University Press 2010
Materias:
Etiquetas: Agregar Etiqueta
Sin Etiquetas, Sea el primero en etiquetar este registro!

MARC

LEADER 00000nam a2200000 4500
001 0121548
005 20240306135910.5
020 |a 978-0-521-15571-7 
041 0 |a eng 
044 |a US 
245 1 0 |a Political institutions under dictatorship  |c Jennifer Gandhi 
264 1 |a New York  |b Cambridge University Press  |c 2010 
300 |a 232 s. 
610 2 0 |a systémy politické 
610 2 0 |a diktatúra 
610 2 0 |a inštitúcie verejnoprávne 
610 2 0 |a správanie 
610 2 0 |a strany politické 
610 2 0 |a legislatíva 
610 2 0 |a štúdie prípadové 
610 2 0 |a modely 
100 1 |a Gandhi, Jennifer